000 00917ccm a2200301 a 4500
001 14042
003 BD-JhCC
005 20240525134900.0
008 990324s1999 xna| | nn eng
035 _a(BD-JhCC)14042
035 _a2278703
040 _aANL
_cANL
_dANL
041 _aeng
082 0 4 _a782.542
_221
_bMIC 1968
100 1 _a Micheli,Mario De
_d1958-
245 1 0 _aCezanne /
_cMario De Micheli
260 _aGrosvenor Place, N.S.W. :
_breproduced and distributed by Australian Music Centre,
_c1968.
300 _a1 score (10 p.) ;
_c21 x 29 cm.
500 _aComposer's autograph
500 _a"Text: Gertrude Stein"--P. [1].
500 _aSpiral binding.
600 1 0 _aStein, Gertrude,
_d1874-1946
650 0 _aChoruses, Secular (Mixed voices, 4 parts)
653 _aAustralian
700 1 _aStein, Gertrude,
_d1874-1946.
710 2 _aAustralian Music Centre.
942 _2ddc
_cBK
999 _c14042
_d14042